[Event "Karpov It"]
[Site "Poikovsky RUS"]
[Date "2001.05.03"]
[Round "3"]
[White "Mitkov,N"]
[Black "Zvjaginsev,V"]
[Result "1/2-1/2"]
[WhiteElo "2578"]
[BlackElo "2627"]

1.e4 c6 2.d4 d5 3.e5 c5 4.dxc5 e6 5.Nf3 Bxc5 6.Bd3 Ne7 7.O-O Ng6 8.a3 Nc6
9.b4 Bb6 10.Re1 a5 11.Bxg6 fxg6 12.b5 Ne7 13.Bg5 h6 14.Bxe7 Qxe7 15.Qd3 g5
16.Qg6+ Qf7 17.Qxf7+ Kxf7 18.c4 Rd8 19.Nc3 dxc4 20.Ne4 Ke7 21.Rac1 Rd5 22.a4 Bd7
23.h3 Rf8 24.Rxc4 Rf4 25.Rec1 Rd3 26.Nd6 Rxc4 27.Nxc4 Bd8 28.Nfd2 Bc7 29.Ne4 b6
30.Kf1 Kd8 31.Ke2 Rb3 32.Ra1 Be8 33.Rd1+ Ke7 34.Ned6 Bd7 35.Kd2 Kd8 36.Ra1 Be8
37.Kc2 Rb4 38.Kc3 Bg6 39.f3 Rb1 40.Rxb1 Bxb1 41.Nd2 Bg6 42.N6c4 Kd7 43.Nf1 Bd8
44.Kd2  1/2-1/2

[Event "TCh-YUG"]
[Site "Herceg Novi YUG"]
[Date "2001.05.15"]
[Round "2"]
[White "Ivanovic,B"]
[Black "Zvjaginsev,V"]
[Result "1/2-1/2"]
[WhiteElo "2483"]
[BlackElo "2627"]

1.e4 e6 2.d4 d5 3.Nc3 Nf6 4.e5 Nfd7 5.Nce2 c5 6.c3 cxd4 7.cxd4 f6 8.f4 fxe5
9.fxe5 Nc6 10.Nf3 Bb4+ 11.Bd2 Qb6 12.Bc3 Bxc3+ 13.bxc3 Qa5 14.Qd3 Nb6 15.h4 Bd7
16.Rh3 Ne7 17.Nf4 h6 18.Ng6 Rg8 19.Nd2 Qa3 20.Be2 Rc8 21.Rb1 Kd8 22.Nxe7 Qxe7
23.Kf2 Kc7 24.c4 Bc6 25.c5 Nc4 26.Nxc4 dxc4 27.Qxc4 g5 28.Rhb3 Rcf8+ 29.Bf3 Rxf3+
30.gxf3 g4 31.Ke3 gxf3 32.d5 exd5 33.Rxb7+ Bxb7 34.Rxb7+ Kxb7 35.Qxd5+ Kc7  1/2-1/2

[Event "TCh-YUG"]
[Site "Herceg Novi YUG"]
[Date "2001.05.16"]
[Round "3"]
[White "Zvjaginsev,V"]
[Black "Lajthajm,B"]
[Result "1-0"]
[WhiteElo "2627"]
[BlackElo "2421"]

1.c4 c5 2.Nf3 Nc6 3.Nc3 e5 4.e3 Nf6 5.Be2 Be7 6.d4 cxd4 7.exd4 d6 8.d5 Nb8
9.h3 Bf5 10.Be3 Ne4 11.Rc1 O-O 12.O-O Nd7 13.Qb3 Nec5 14.Qa3 a5 15.Nb5 Bg6
16.Nd2 b6 17.f4 exf4 18.Bxf4 Bg5 19.Bxg5 Qxg5 20.Nf3 Qg3 21.Nfd4 Qe5 22.Rce1 Be4
23.Bg4 Rae8 24.Bxd7 Nxd7 25.Qxd6 Qg5 26.Rxe4 Rxe4 27.Qxd7 Qe3+ 28.Kh1 Rxd4
29.Nxd4 Qxd4 30.b3 g6 31.Qe7 b5 32.d6 bxc4 33.d7 cxb3 34.Rxf7 Qd1+ 35.Kh2 Rxf7
36.d8=Q+ Kg7 37.Qee8  1-0

[Event "TCh-YUG"]
[Site "Herceg Novi YUG"]
[Date "2001.05.17"]
[Round "4"]
[White "Ftacnik,L"]
[Black "Zvjaginsev,V"]
[Result "1/2-1/2"]
[WhiteElo "2618"]
[BlackElo "2627"]

1.d4 e6 2.Nf3 Nf6 3.c4 d5 4.g3 dxc4 5.Bg2 Nc6 6.Qa4 Bb4+ 7.Bd2 Nd5 8.Bxb4 Nxb4
9.O-O Rb8 10.Na3 a6 11.Ne5 O-O 12.Nxc6 Nxc6 13.Qxc4 Qxd4 14.Bxc6 Qxc4 15.Nxc4 bxc6
16.b3 Rb4 17.Rfe1 Rd8 18.f3 Kf8  1/2-1/2

[Event "TCh-YUG Final"]
[Site "Herceg Novi YUG"]
[Date "2001.05.28"]
[Round "2.2"]
[White "Ilincic,Z"]
[Black "Zvjaginsev,V"]
[Result "1/2-1/2"]
[WhiteElo "2542"]
[BlackElo "2627"]

1.d4 Nf6 2.c4 e6 3.Nf3 d5 4.g3 dxc4 5.Bg2 Nc6 6.Qa4 Bb4+ 7.Bd2 Nd5 8.Bxb4 Nxb4
9.O-O Rb8 10.Nc3 a6 11.Ne5 O-O 12.Bxc6 Nxc6 13.Nxc6 bxc6 14.Qxc4 Qd6  1/2-1/2

[Event "Julian Borowski Rapid"]
[Site "Mainz GER"]
[Date "2001.08.25"]
[Round "2"]
[White "Mainka,R"]
[Black "Zvjaginsev,V"]
[Result "0-1"]
[WhiteElo "2459"]
[BlackElo "2638"]

1.e4 e6 2.d4 d5 3.Nd2 c5 4.exd5 Qxd5 5.Ngf3 cxd4 6.Bc4 Qd6 7.O-O Nf6 8.Re1 Nc6
9.Nb3 a6 10.Bg5 b5 11.Bf1 Bb7 12.a4 b4 13.Nfxd4 Nxd4 14.Qxd4 Qxd4 15.Nxd4 Bc5
16.Nb3 Bb6 17.a5 Ba7 18.Bxf6 gxf6 19.Ra4 Ke7 20.Rxb4 Rhb8 21.Rc4 Rc8 22.Rxc8 Rxc8
23.Bd3 h5 24.Kf1 Kf8 25.c3 f5 26.h4 Kg7 27.Ra1 Rb8 28.Nc1 Kf6 29.Ne2 e5 30.Ng3 e4
31.Be2 f4 32.Nxh5+ Ke5 33.Rd1 Bc6 34.b4 Rh8 35.Nxf4 Kxf4 36.Rd6 Rc8 37.Rf6+ Ke5
38.Rxf7 Bb8 39.Bxa6 Rd8 40.Ke2 Bd6 41.g4 Bd7 42.g5 Be6 43.Rg7 Rf8 44.Bb5 Rf3
45.a6 Rxc3 46.a7 Bd5 47.Ba6 Ra3 48.b5 Ra2+ 49.Kf1 Bc5 50.Kg2 e3+ 51.Kg3 e2
52.Rd7 Bxa7 53.Re7+ Kd6 54.Re8 e1=Q 55.Rxe1 Bxf2+ 56.Kf4 Bxe1 57.h5 Rg2 58.g6 Bd2+
59.Kf5 Be6+ 60.Ke4 Bh6 61.b6 Rb2 62.b7 Bd5+ 63.Kf5 Bf8  0-1

[Event "ECC"]
[Site "Panormo GRE"]
[Date "2001.09.23"]
[Round "1"]
[White "Zvjaginsev,V"]
[Black "Salai,L"]
[Result "1-0"]
[WhiteElo "2638"]
[BlackElo "2418"]

1.d4 Nf6 2.Nf3 g6 3.g3 Bg7 4.Bg2 O-O 5.O-O d6 6.Nc3 Nfd7 7.e4 c5 8.d5 Qa5
9.a4 Na6 10.Nb5 Qd8 11.Re1 Nc7 12.Na3 b6 13.Nc4 Ba6 14.Ne3 e5 15.dxe6 Nxe6
16.Qxd6 Ne5 17.Qxd8 Nxf3+ 18.Bxf3 Raxd8 19.c3 Rfe8 20.Bg2 c4 21.Nd5 Nd4 22.Bg5 Nc2
23.Red1 Rxd5 24.exd5 Nxa1 25.Rxa1 f6 26.Be3 Bf8 27.a5 b5 28.Bxa7 Re2 29.Rb1 b4
30.Kf1 bxc3 31.bxc3 Ra2 32.Bd4 Rxa5 33.Bf3 Kf7 34.Rb6 f5 35.h4 Bc8 36.Kg2 Ra6
37.Rb8 Bd7 38.Be2 Ra4 39.h5 g5 40.Rb6 g4 41.Bf1 Ke8 42.h6 Kf7 43.Kh2 Ke8
44.Rb8+ Kf7 45.Rb7 Ke8 46.Rb6 Kf7 47.Rf6+ Ke8 48.Be2 Be7 49.Rg6 Bb5 50.Rg8+ Kd7
51.Rg7 Ra6 52.Rxh7 Ke8 53.Rxe7+ Kxe7 54.d6+  1-0

[Event "ECC"]
[Site "Panormo GRE"]
[Date "2001.09.24"]
[Round "2"]
[White "Zvjaginsev,V"]
[Black "Bogdanovski,V"]
[Result "1-0"]
[WhiteElo "2638"]
[BlackElo "2430"]

1.c4 e5 2.Nc3 Bb4 3.Nd5 Bc5 4.Nf3 c6 5.Nc3 d6 6.e3 Qe7 7.d4 exd4 8.Nxd4 Nf6
9.Be2 O-O 10.O-O Rd8 11.b3 Nbd7 12.Bb2 Nb6 13.Bf3 a5 14.Rc1 Bd7 15.h3 Ra6
16.a4 Na8 17.g4 Nc7 18.e4 Bxd4 19.Qxd4 Ne6 20.Qe3 Nc5 21.Ba3 Bc8 22.Bxc5 dxc5
23.Rcd1 Re8 24.Bg2 Nd7 25.f4 f6 26.e5 fxe5 27.f5 h6 28.Ne4 Nf6 29.Nxc5 Ra8
30.Rfe1 Rb8 31.Rd2 Kf8 32.Rdd1 Qc7 33.Nd3 e4 34.Nf2 b5 35.Qc5+ Qe7 36.Qxe7+ Rxe7
37.Nxe4 Nxe4 38.Rxe4 bxa4 39.bxa4 Ba6 40.Rxe7 Kxe7 41.c5 h5 42.Bxc6 hxg4
43.hxg4 Rb4 44.Kf2 Rxg4 45.Rd7+ Kf8 46.Bb5  1-0

[Event "Aeroflot Open"]
[Site "Moscow RUS"]
[Date "2002.02.05"]
[Round "2"]
[White "Mchedlishvili,M"]
[Black "Zvjaginsev,V"]
[Result "1/2-1/2"]
[WhiteElo "2527"]
[BlackElo "2656"]

1.d4 e6 2.c4 Nf6 3.Nc3 Bb4 4.e3 O-O 5.Bd3 d5 6.cxd5 exd5 7.Ne2 Bd6 8.O-O Re8
9.a3 a5 10.f3 c5 11.Qe1 Nc6 12.Qh4 h6 13.Qf2 b6 14.Bd2 Ba6 15.Bxa6 Rxa6 16.Rad1 Qb8
17.g4 b5 18.dxc5 Bxc5 19.Bc1 Rd8 20.Nd4 b4 21.axb4 Qxb4 22.Nce2 a4 23.Kh1 Rc8
24.Nf5 Ne5 25.Ned4 Re8 26.Rg1 Nh7 27.h4 Rb6 28.f4 Nc4 29.g5 h5  1/2-1/2

[Event "StPbg vs Moscow"]
[Site "Moscow RUS"]
[Date "2002.10.22"]
[Round "1"]
[White "Ivanov,Se"]
[Black "Zvjaginsev,V"]
[Result "1/2-1/2"]
[WhiteElo "2561"]
[BlackElo "2680"]

1.d4 d5 2.c4 c6 3.Nf3 Nf6 4.Nc3 e6 5.Bg5 h6 6.Bh4 Be7 7.e3 O-O 8.Qc2 Nbd7
9.Rd1 b6 10.Bd3 Bb7 11.O-O c5 12.cxd5 Nxd5 13.Bxe7 Qxe7 14.Nxd5 Bxd5 15.Bh7+ Kh8
16.Be4 Rfc8 17.Bxd5 exd5 18.dxc5 Rxc5 19.Qe2 Nf6 20.Nd4 Re8 21.Qf3 Qe5 22.Rfe1 g6
23.Qg3 Qxg3 24.hxg3 Kg7 25.f3 h5 26.Kf2 Rec8 27.Rd3 Ra5 28.a3 Rac5 29.Red1 Kf8
30.R1d2 Ke7 31.Ne2 Rc2 32.Ke1 R8c5 33.b4 R5c4 34.Nf4 Rc1+ 35.Kf2 Ra1 36.Nxd5+ Nxd5
37.Rxd5 Rxa3 38.b5 Rc7 39.e4 Rac3 40.Ke2 R3c5 41.Rxc5 Rxc5 42.Ra2 Rxb5 43.Rxa7+ Ke6
44.Ke3 Rb3+ 45.Kd4 Rb2 46.Rb7 f6 47.Kc3 Rxg2 48.Rxb6+ Kf7 49.Rb7+ Kg8 50.Kd4 Rxg3
51.Ke3 Rg2 52.Kf4 h4 53.e5 h3 54.exf6 h2 55.f7+ Kf8 56.Rb8+ Kxf7 57.Rh8 Kg7
58.Rh3 Kf6 59.Rh6 Kf7 60.Ke4 Kg7 61.Rh3 Kf6 62.f4 Ra2 63.Rh7 Rb2 64.Kf3 Kf5
65.Rf7+ Ke6 66.Rh7 Kd5 67.Kg3 Ke4 68.Re7+ Kd3 69.Rh7 Ke3 70.Re7+ Kd3  1/2-1/2

[Event "56th ch-RUS"]
[Site "Krasnoyarsk RUS"]
[Date "2003.09.06"]
[Round "4"]
[White "Zvjaginsev,V"]
[Black "Belozerov,A"]
[Result "1/2-1/2"]
[WhiteElo "2653"]
[BlackElo "2541"]

1.Nf3 Nf6 2.c4 e6 3.Nc3 d5 4.e3 Be7 5.b3 O-O 6.Bb2 b6 7.cxd5 exd5 8.Rc1 Bb7
9.Be2 Nbd7 10.O-O Re8 11.Qc2 a6 12.a3 Bd6 13.d4 Qe7 14.Rfd1 Rac8 15.Bf1 Ne4
16.b4 Ng5 17.Be2 Nxf3+ 18.Bxf3 Nf6 19.Qb3 Rcd8 20.b5 a5 21.g3 Qe6 22.a4 Qf5
23.Bg2  1/2-1/2

[Event "56th ch-RUS"]
[Site "Krasnoyarsk RUS"]
[Date "2003.09.08"]
[Round "5"]
[White "Kornev,Alexe"]
[Black "Zvjaginsev,V"]
[Result "0-1"]
[WhiteElo "2566"]
[BlackElo "2653"]

1.e4 e6 2.d4 d5 3.Nd2 c5 4.exd5 Qxd5 5.dxc5 Bxc5 6.Ngf3 Nf6 7.Bc4 Qc6 8.Qe2 O-O
9.O-O Nbd7 10.Nb3 b6 11.Nxc5 Qxc5 12.Be3 Qc7 13.Bd4 Bb7 14.Ne5 Rad8 15.Rad1 Nxe5
16.Bxe5 Qc6 17.f3 Qc5+ 18.Kh1 Ne4 19.Rxd8 Rxd8 20.Bf4 Nf6 21.Bd3 Nd5 22.Bg5 Nf6
23.Qd2 Ba6 24.Bxf6 gxf6 25.Rd1 Bxd3 26.cxd3 Rc8 27.Re1 Qc2 28.Qf4 Qxd3 29.Qxf6 Qe3
30.Rd1 Rc1 31.Qd8+ Kg7 32.h3 Rc2 33.Rd4 h5 34.Kh2 Qe5+ 35.f4 Qf6 36.Qxf6+ Kxf6
37.Rb4 h4 38.a4 Kf5 39.b3 Rf2 40.a5 bxa5 41.Ra4 Rb2 42.Rxa5+ Kxf4 43.Ra4+ Ke3
44.Rxa7 e5 45.Rxf7 e4 46.b4 Ke2 47.g4 e3 48.Kg1 Rxb4 49.Kg2 Rb2 50.Rf1 Ra2
51.Rb1 Kd3+ 52.Kf1 Rh2 53.Rb3+ Ke4 54.Rb8 Rxh3 55.Re8+ Kf3 56.Rf8+ Kg3 57.g5 Rh1+
58.Ke2 Ra1 59.g6 Ra7 60.Rf7 Ra6 61.g7 Rg6 62.Kxe3 h3 63.Rf3+ Kg2 64.Rf2+ Kg1
65.Ke2 h2 66.Rf1+ Kg2 67.Rf2+ Kg3 68.Rf3+ Kg4 69.Kf2 h1=Q 70.Rg3+ Kf4 71.Rxg6 Qf3+  0-1

[Event "ECC"]
[Site "Rethymnon GRE"]
[Date "2003.09.29"]
[Round "2"]
[White "Zvjaginsev,V"]
[Black "Stohl,I"]
[Result "1/2-1/2"]
[WhiteElo "2653"]
[BlackElo "2556"]

1.e4 e5 2.Nf3 Nf6 3.d4 Nxe4 4.dxe5 d5 5.Nbd2 Be7 6.Nxe4 dxe4 7.Qxd8+ Kxd8
8.Nd4 Bd7 9.Bf4 Nc6 10.O-O-O g5 11.Bg3 h5 12.Bb5 h4 13.e6 fxe6 14.Bxc6 bxc6
15.Be5 Rf8 16.Nb3 Rf5 17.Bd4  1/2-1/2

[Event "ECC"]
[Site "Rethymnon GRE"]
[Date "2003.10.04"]
[Round "7"]
[White "Mochalov,E"]
[Black "Zvjaginsev,V"]
[Result "0-1"]
[WhiteElo "2417"]
[BlackElo "2653"]

1.Nf3 Nf6 2.c4 c6 3.Nc3 d5 4.d4 e6 5.cxd5 exd5 6.Bg5 h6 7.Bh4 Bf5 8.a3 Nbd7
9.e3 Bd6 10.Bd3 Bxd3 11.Qxd3 Qe7 12.Qc2 Qe6 13.Rc1 O-O 14.O-O Rfe8 15.Rfe1 a5
16.Bxf6 Nxf6 17.Na4 Ne4 18.Nc5 Nxc5 19.dxc5 Bf8 20.b4 g6 21.Nd4 Qd7 22.Red1 axb4
23.axb4 Bg7 24.Rd3 Re4 25.Rcd1 Rae8 26.h3 Rh4 27.Qe2 Qe7 28.g3 Rxh3 29.Qf3 Rh5
30.Ra3 Bxd4 31.Rxd4 Rf5 32.Qd1 Qf6 33.Ra2 h5 34.Kg2 Kg7 35.Qa1 g5 36.Qb2 g4
37.b5 Rf3 38.bxc6 bxc6 39.Ra6 Re6 40.Rb4 Qxb2 41.Rxb2 d4 42.exd4 Rd3 43.Ra1 Rxd4
44.Rc1 Kg6 45.Kf1 f6 46.Ra2 Re5 47.Rb2 Rdd5 48.Rbc2 Kg5 49.Re1 Rxe1+ 50.Kxe1 h4
51.gxh4+ Kxh4 52.Kf1 Kh3 53.Rc3+ Kh2 54.Rg3 f5 55.Rg2+ Kh3 56.Rg3+ Kh4 57.Rc3 f4
58.f3 g3  0-1

[Event "57th ch-RUS Qualifier"]
[Site "St Petersburg RUS"]
[Date "2004.05.25"]
[Round "5"]
[White "Romanov,E"]
[Black "Zvjaginsev,V"]
[Result "1/2-1/2"]
[WhiteElo "2392"]
[BlackElo "2654"]

1.e4 c5 2.Nf3 g6 3.d4 Bg7 4.c4 Qb6 5.dxc5 Qxc5 6.Nc3 d6 7.Be3 Bxc3+ 8.bxc3 Qa5
9.Qd2 Nf6 10.Bd3 Ng4 11.Bf4 Nc6 12.Rb1 Nge5 13.Nxe5 Nxe5 14.Be2 Qc7 15.Qd4 f6
16.Qd5 Rb8 17.Bh6 Nf7 18.Be3 b6 19.f4 Bb7 20.Qd3 Rc8 21.Rb4 O-O 22.O-O Qc6
23.Bf3 e5 24.g3 Rfe8 25.Qd2 Qd7 26.f5 gxf5 27.exf5 Bxf3 28.Rxf3 Qc6 29.Rf1 Kh8
30.Qe2 Rg8 31.Qh5 Qe8 32.Qh4 Ng5 33.Rb5 Qe7 34.Rd5 Nf7 35.Qe4 Rc6 36.Rb1 Qc7
37.Rb4 Ng5 38.Qd3 Qe7 39.Kg2 Qg7 40.a4  1/2-1/2

[Event "57th ch-RUS Qualifier"]
[Site "St Petersburg RUS"]
[Date "2004.05.30"]
[Round "9"]
[White "Epishin,V"]
[Black "Zvjaginsev,V"]
[Result "1/2-1/2"]
[WhiteElo "2610"]
[BlackElo "2654"]

1.d4 g6 2.e4 Bg7 3.c3 d5 4.exd5 Qxd5 5.Nf3 c5 6.dxc5 Qxc5 7.Be3 Qc7 8.Qa4+ Bd7
9.Bb5 Nc6 10.O-O a6 11.Nbd2 Nh6 12.Rfe1 O-O 13.Bxc6 Bxc6 14.Qb4 a5 15.Qb6 Qd7
16.Bxh6 Bxh6 17.Nc4 Bxf3 18.Ne5 Qd8  1/2-1/2

[Event "RUS-CHN"]
[Site "Moscow CHN"]
[Date "2004.08.11"]
[Round "2"]
[White "Zhang Zhong"]
[Black "Zvjaginsev,V"]
[Result "1/2-1/2"]
[WhiteElo "2603"]
[BlackElo "2650"]

1.e4 e6 2.d4 d5 3.Nc3 Nf6 4.Bg5 dxe4 5.Nxe4 Nbd7 6.Nf3 h6 7.Nxf6+ Nxf6 8.Bh4 c5
9.Ne5 a6 10.c3 Qd5 11.Bxf6 gxf6 12.Ng4 Qg5 13.h4 Qf4 14.Be2 Be7 15.g3 Qd6
16.O-O Bd7 17.Bf3  1/2-1/2

[Event "SCG First League m"]
[Site "Vrnjacka Banja SCG"]
[Date "2005.10.18"]
[Round "2"]
[White "Zvjaginsev,V"]
[Black "Kotronias,V"]
[Result "1/2-1/2"]
[WhiteElo "2659"]
[BlackElo "2626"]

1.e4 c5 2.g3 d5 3.d3 dxe4 4.dxe4 Qxd1+ 5.Kxd1 Nc6 6.Be3 e5 7.Nd2 g6 8.c3 f5
9.Ngf3 Nf6 10.h3 Bd7 11.Bb5 O-O-O 12.Ng5 Re8 13.Nf7 Rg8 14.Re1 Rg7 15.Nh6 f4
16.gxf4 exf4 17.Bxf4 Bxh3 18.Bg5 Rc7 19.Kc2 Bxh6 20.Bxh6 a6 21.Bxc6 Rxc6
22.f3 Be6 23.Rg1 Nd7 24.b3  1/2-1/2

[Event "SCG First League m"]
[Site "Vrnjacka Banja SCG"]
[Date "2005.10.19"]
[Round "3"]
[White "Damljanovic,B"]
[Black "Zvjaginsev,V"]
[Result "1/2-1/2"]
[WhiteElo "2609"]
[BlackElo "2659"]

1.Nf3 e6 2.g3 b5 3.Bg2 Bb7 4.O-O Nf6 5.d3 d5 6.c4 c6 7.b3 Be7 8.Bb2 O-O 9.Qc2 Na6
10.Nbd2 Qb6 11.a3 c5 12.e4 Nd7 13.exd5 exd5 14.Rfe1 Bf6 15.cxb5 Qxb5 16.d4 cxd4
17.Bxd4 Nac5 18.b4 Ne6 19.Bxf6 Nxf6 20.Nb3 Ne4 21.Qb2 Qb6 22.Na5 Ba6 23.Rad1 Rfd8
24.Nd4 Nxd4 25.Qxd4 Bb5 26.Nb7 Rdb8 27.Qxb6 axb6 28.Rxd5 Bc6 29.Re5 Bxb7
30.Bxe4 Kf8 31.Bxb7 Rxb7 32.R1e3 Rba7 33.Rb5 Rxa3 34.Rxa3 Rxa3 35.Rxb6 Rb3
36.Kf1 Rb2 37.Rb7 g5 38.h4 g4 39.Ke1 Kg7 40.b5 h5 41.b6 Kf6 42.Rb8 Ke7 43.Kd1 Rxf2
44.Rc8 Rb2 45.Rc6 f5 46.Kc1 Rb5 47.Kd2 Kf7 48.Rc7+ Ke6 49.b7 Kd5 50.Ke3 Rb4
51.Rh7 Ke5 52.Kd3 Rb1 53.Kc2 Rb4  1/2-1/2

[Event "SCG First League m"]
[Site "Vrnjacka Banja SCG"]
[Date "2005.10.20"]
[Round "4"]
[White "Zvjaginsev,V"]
[Black "Georgiev,Ki"]
[Result "1/2-1/2"]
[WhiteElo "2659"]
[BlackElo "2648"]

1.e4 e5 2.Nf3 Nc6 3.Bb5 Nf6 4.d3 Bc5 5.c3 O-O 6.O-O d6 7.Nbd2 Bd7 8.Nc4 h6
9.h3 a6 10.Bxc6 Bxc6 11.Na5 Qd7 12.Nh4 d5 13.Nxc6 Qxc6 14.d4 Bb6 15.exd5 Qxd5
16.dxe5 Qxe5 17.Nf3 Qf5 18.Nd4 Qg6 19.Be3 Nd5 20.Qf3 Nxe3 21.fxe3 Rae8 22.Nf5 Re5
23.Kh1 Kh7 24.Rf2 Rfe8 25.Raf1 Re4 26.Qd1 Bxe3 27.Nxe3 Rxe3 28.Rxf7 Rg3 29.R7f2 Rd3
30.Qa4 b5 31.Qf4 Re7 32.Rf3 Re2 33.R3f2 Re7 34.Rf3 Re2 35.R3f2 Re7  1/2-1/2

[Event "SCG First League m"]
[Site "Vrnjacka Banja SCG"]
[Date "2005.10.21"]
[Round "5"]
[White "Perunovic,Mil"]
[Black "Zvjaginsev,V"]
[Result "1/2-1/2"]
[WhiteElo "2514"]
[BlackElo "2659"]

1.e4 e6 2.d4 d5 3.Nc3 Nf6 4.e5 Nfd7 5.f4 c5 6.Nf3 Nc6 7.Be3 cxd4 8.Nxd4 Bc5
9.Qd2 O-O 10.O-O-O a6 11.Qf2 Nxd4 12.Bxd4 Qe7 13.Kb1 b5 14.Bd3 Bxd4 15.Qxd4 Qc5
16.Ne2 b4 17.Qxc5 Nxc5 18.Nd4 a5 19.Be2 Bd7 20.Rhe1 a4 21.Bf3 Ra6 22.Re3 Rb6
23.h4  1/2-1/2

[Event "SCG First League m"]
[Site "Vrnjacka Banja SCG"]
[Date "2005.10.25"]
[Round "9"]
[White "Zvjaginsev,V"]
[Black "Pavlovic,Milo"]
[Result "1-0"]
[WhiteElo "2659"]
[BlackElo "2507"]

1.e4 c5 2.Nf3 e6 3.Qe2 Nc6 4.c3 Nf6 5.g3 Be7 6.Bg2 O-O 7.O-O d6 8.d4 d5 9.e5 Ne4
10.Nbd2 Nxd2 11.Bxd2 cxd4 12.cxd4 Qb6 13.Bc3 Bd7 14.h4 a5 15.a4 Qa6 16.Qd2 b5
17.axb5 Qxb5 18.Rfb1 Qb6 19.Ng5 a4 20.Qd3 g6 21.Bf3 f6 22.exf6 Bxf6 23.Rd1 Bxg5
24.hxg5 Ne5 25.dxe5 Bb5 26.Qd4 Qxd4 27.Rxd4 Rxf3 28.Rb4 Bc6 29.Rc1 Rff8 30.Bd4 Rfc8
31.Rc3 Bd7 32.Rb7 Rxc3 33.Bxc3 Bc6 34.Rc7 Bb5 35.Rb7 Bc6 36.Re7 a3 37.bxa3 Rxa3
38.Bd4 Rd3 39.Rxe6 Bd7 40.Rd6 Bg4 41.Bc5 Bf3 42.g4 Bxg4 43.e6 Rd1+ 44.Kg2 Rc1
45.Rd8+  1-0

[Event "SCG First League m"]
[Site "Vrnjacka Banja SCG"]
[Date "2005.10.26"]
[Round "10"]
[White "Sedlak,N"]
[Black "Zvjaginsev,V"]
[Result "0-1"]
[WhiteElo "2512"]
[BlackElo "2659"]

1.e4 c5 2.Nf3 g6 3.d4 cxd4 4.Nxd4 Nc6 5.c4 Nf6 6.Nc3 d6 7.Nc2 Bg7 8.Be2 Nd7
9.Bd2 O-O 10.O-O Nc5 11.b4 Nd7 12.Rb1 b6 13.a4 Bb7 14.Rb3 Rc8 15.Bg5 h6 16.Bh4 a5
17.Nd5 g5 18.Bg3 axb4 19.Ncxb4 Nc5 20.Nxc6 Bxc6 21.Nxb6 Rb8 22.a5 Ba4 23.Nxa4 Nxb3
24.Nb6 Nxa5 25.c5 Nc6 26.Nc4 dxc5 27.Bxb8 Qxd1 28.Rxd1 Rxb8 29.g3 Bd4 30.Kg2 Ra8
31.Rd2 Ra1 32.h4 gxh4 33.gxh4 Rc1 34.Ra2 Kh7 35.Ra6 Rc2 36.Kf1 Nd8 37.Ra7 Ne6
38.Ne3 Rc1+ 39.Kg2 Bxe3 40.fxe3 c4 41.e5 c3 42.Ra4 Nf8 43.h5 e6 44.Rg4 Kh8
45.Rf4 c2 46.Rc4 Nd7 47.Bd3 Nxe5 48.Rc8+ Kg7 49.Bxc2 Nd3  0-1

[Event "60th ch-RUS Higher League"]
[Site "Krasnoyarsk RUS"]
[Date "2007.09.14"]
[Round "11"]
[White "Zvjaginsev,V"]
[Black "Chuprov,D"]
[Result "1-0"]
[WhiteElo "2658"]
[BlackElo "2554"]

1.e4 Nf6 2.Nc3 e5 3.f4 d5 4.exd5 e4 5.Qe2 Be7 6.Nxe4 Nxd5 7.g3 O-O 8.Nf3 Re8
9.Bg2 Bf8 10.Ne5 f6 11.d4 fxe5 12.fxe5 Bf5 13.O-O Bg6 14.h4 Nc6 15.c3 Nb6
16.Be3 Be7 17.h5 Bxe4 18.Bxe4 Bg5 19.Bf2 Qd7 20.Rae1 Qh3 21.Bg2 Qe6 22.c4 Nxd4
23.Bxd4 Nxc4 24.b3 Nb6 25.Bxb7 Rad8 26.Rd1 Nd5 27.Ba6 c5 28.Bxc5 Nc3 29.Qf3 Rxd1
30.Bc4  1-0

[Event "Russia Cup Final"]
[Site "Serpuhov RUS"]
[Date "2008.11.07"]
[Round "2.1"]
[White "Vorobiov,E"]
[Black "Zvjaginsev,V"]
[Result "1/2-1/2"]
[WhiteElo "2577"]
[BlackElo "2646"]

1.d4 d5 2.c4 Nf6 3.cxd5 c6 4.dxc6 Nxc6 5.Nf3 e5 6.Nxe5 Nxe5 7.dxe5 Qxd1+
8.Kxd1 Ng4 9.Ke1 Bc5 10.e3 Nxe5 11.Bd2 Bf5 12.Bc3 Nd3+ 13.Bxd3 Bxd3 14.Nd2 f6
15.Nb3 Be7 16.Rd1 Ba6 17.f3 Kf7 18.Kf2 Rhd8 19.Rd4 Rxd4 20.Bxd4 Rc8 21.Rc1 b6
22.Rxc8 Bxc8 23.Nd2 Ke6 24.e4 g6 25.Ke3 h5 26.g4 hxg4 27.fxg4 Bf8 28.b3 Bh6+
29.Kd3 Bf4 30.h3 Bxd2 31.Kxd2 g5  1/2-1/2

[Event "Russia Cup Final"]
[Site "Serpuhov RUS"]
[Date "2008.11.10"]
[Round "3.2"]
[White "Zvjaginsev,V"]
[Black "Nepomniachtchi,I"]
[Result "0-1"]
[WhiteElo "2646"]
[BlackElo "2616"]

1.e4 c5 2.Nf3 d6 3.Nc3 a6 4.g3 Nc6 5.Bg2 Bg4 6.h3 Bxf3 7.Bxf3 g6 8.Nd5 Bg7
9.O-O e6 10.Ne3 Nge7 11.Bg2 O-O 12.f4 f5 13.d3 Kh8 14.c3 Qd7 15.Bd2 Rad8
16.Rc1 b5 17.Nc2 c4 18.d4 fxe4 19.Bxe4 Nf5 20.Kh2 Rde8 21.g4 Nfe7 22.Ne3 Rf7
23.Qe2 Ref8 24.Ng2 e5 25.d5 Nd8 26.Kh1 Nb7 27.Be3 Nc5 28.Bxc5 dxc5 29.fxe5 Bxe5
30.Rxf7 Rxf7 31.Rf1 Rxf1+ 32.Qxf1 Kg8 33.Nf4 Qd6 34.Ng2 Nxd5 35.Qd1 Nc7 36.Qxd6 Bxd6
37.Ne3 Kf7 38.Kg2 Bf4 39.Kf3 Bxe3 40.Kxe3 Kf6 41.h4 h6 42.a4 bxa4 43.Kd2 g5
44.hxg5+ Kxg5 45.Bf3 Nb5 46.Be2 a3 47.bxa3 Nxa3 48.Kc1 Nb5 49.Kb2 Kf4 50.Bxc4 Kxg4
51.Kb3 Kf4 52.Bd5 Ke5 53.Bb7 Nc7 54.Kc4 Kd6 55.Bf3 a5  0-1

[Event "16th TCh-RUS Premier"]
[Site "Dagomys RUS"]
[Date "2009.04.07"]
[Round "4"]
[White "Levin,Ev"]
[Black "Zvjaginsev,V"]
[Result "1/2-1/2"]
[WhiteElo "2456"]
[BlackElo "2635"]

1.d4 Nf6 2.c4 c5 3.d5 b5 4.Nd2 bxc4 5.e4 Qa5 6.Qc2 Ba6 7.Bxc4 Bxc4 8.Qxc4 d6
9.Nf3 g6 10.O-O Bg7 11.e5 dxe5 12.Nxe5 O-O 13.Ndf3 Qb4 14.Qxb4 cxb4 15.Rd1 Rd8
16.Bg5 h6 17.Bxf6 Bxf6 18.Rd2 a5 19.Rad1 Nd7 20.Nc6 Rdc8 21.Re2 Kf8 22.Kf1 Nb6
23.Nfe5 Rc7 24.d6 exd6 25.Rxd6 Kg7 26.f4 h5 27.Kf2 Na4 28.Rd5 Nxb2 29.Rxb2 Rxc6
30.Nxc6 Bxb2 31.Rxa5 Rc8 32.Nxb4 Bc3 33.Rb5 Ra8 34.Kf3 Bxb4  1/2-1/2

[Event "ch-RUS HL"]
[Site "Ulan Ude RUS"]
[Date "2009.09.06"]
[Round "5"]
[White "Zvjaginsev,V"]
[Black "Matlakov,M"]
[Result "1/2-1/2"]
[WhiteElo "2635"]
[BlackElo "2574"]

1.e4 c5 2.Nf3 e6 3.Qe2 Nc6 4.c3 Nge7 5.h4 d5 6.Na3 dxe4 7.Qxe4 Nd5 8.g3 Be7
9.Bg2 b6 10.O-O Bb7 11.d3 O-O 12.Ng5 Nf6 13.Qe2 Qd7 14.Bf4 h6 15.Nf3 Bd6
16.Bxd6 Qxd6 17.Rfd1 Rad8 18.d4 cxd4 19.Nxd4 Nxd4 20.Rxd4 Qe7 21.Rad1 Bxg2
22.Kxg2 Rxd4 23.Rxd4 Rd8 24.Nc2 h5 25.a3  1/2-1/2

[Event "ch-RUS HL"]
[Site "Ulan Ude RUS"]
[Date "2009.09.11"]
[Round "9"]
[White "Zvjaginsev,V"]
[Black "Riazantsev,A"]
[Result "1/2-1/2"]
[WhiteElo "2635"]
[BlackElo "2646"]

1.e4 c6 2.d4 d5 3.f3 e6 4.Nc3 Bb4 5.Bd2 Ne7 6.Nce2 Bxd2+ 7.Qxd2 O-O 8.O-O-O c5
9.dxc5 Nd7 10.exd5 exd5 11.Qc3 Qc7 12.Nd4 Nxc5 13.Nge2 Bd7 14.b4 Ne6 15.Qxc7 Nxc7
16.Nb3 Rfd8 17.Ned4 Ne6 18.Bd3 Nxd4 19.Nxd4 Nc6 20.Nxc6  1/2-1/2

[Event "ch-RUS HL"]
[Site "Ulan Ude RUS"]
[Date "2009.09.12"]
[Round "10"]
[White "Timofeev,Arty"]
[Black "Zvjaginsev,V"]
[Result "1-0"]
[WhiteElo "2668"]
[BlackElo "2635"]

1.e4 c5 2.Nf3 d6 3.d4 cxd4 4.Nxd4 Nf6 5.Nc3 Nc6 6.Be2 g6 7.Nb3 Bg7 8.O-O O-O
9.Be3 b6 10.f4 Nd7 11.Qe1 Bb7 12.Rd1 Rc8 13.Rf2 Qe8 14.h3 Nc5 15.Nxc5 bxc5
16.Bb5 f5 17.e5 Kh8 18.exd6 exd6 19.Re2 a6 20.Ba4 g5 21.Rxd6 gxf4 22.Bxc5 Qf7
23.Ree6 Nd8 24.Re7 Rxc5 25.Rxd8 Qg6 26.Rxf8+ Bxf8 27.Rxb7 f3 28.g3 Qd6 29.Rd7 Qb8
30.Rf7 Qd6 31.Bb3 Rc8 32.Rxf5 Re8 33.Qf2 Bg7 34.Rd5 Qh6 35.Qxf3 Qxh3 36.Ne2 Qe6
37.Rd3  1-0

[Event "Chigorin Mem Open"]
[Site "St Petersburg RUS"]
[Date "2009.10.23"]
[Round "8"]
[White "Zvjaginsev,V"]
[Black "Alavkin,A"]
[Result "1/2-1/2"]
[WhiteElo "2635"]
[BlackElo "2428"]

1.e4 c5 2.Nf3 e6 3.c4 Nc6 4.Nc3 Nge7 5.d4 Nxd4 6.Nxd4 cxd4 7.Qxd4 Nc6 8.Qe3 b6
9.Qg3 Qf6 10.h4 h6 11.Bf4 Bc5 12.O-O-O O-O 13.h5 d6 14.Bxd6 Bxf2 15.Qf3 Rd8
16.Qxf6 Be3+ 17.Kb1 gxf6 18.Rh3 Bg5 19.Rhd3  1/2-1/2

[Event "Chigorin Mem Open"]
[Site "St Petersburg RUS"]
[Date "2009.10.24"]
[Round "9"]
[White "Simonian,H"]
[Black "Zvjaginsev,V"]
[Result "1/2-1/2"]
[WhiteElo "2513"]
[BlackElo "2635"]

1.Nf3 g6 2.b3 Bg7 3.d4 c5 4.Bb2 Nc6 5.e3 cxd4 6.Nxd4 Qa5+ 7.Qd2 Qxd2+ 8.Nxd2 Nxd4
9.Bxd4 Bxd4 10.exd4 d5 11.O-O-O Nf6 12.Bb5+ Bd7 13.Bxd7+ Kxd7 14.Nf3 e6 15.Ne5+ Ke7
16.f3 h5 17.Kd2 Rac8 18.c4 dxc4 19.bxc4 Rhd8 20.Ke3 Nd7 21.Nxd7 Rxd7 22.Rc1 e5
23.Rhd1 Rdc7 24.dxe5 Rxc4 25.Rxc4 Rxc4 26.Rd2 Ke6 27.f4 Kf5 28.g3 Rc3+ 29.Kf2 Ke6
30.Kg2 Ra3 31.Kh3 b5 32.Kh4 b4 33.Kg5 a5 34.Kh6 h4 35.g4 h3 36.Kg7 Ke7 37.f5 gxf5
38.gxf5 Rf3 39.f6+ Ke6 40.Rd6+ Kxe5 41.Rb6 Rf2 42.Kxf7 Kd5 43.Ke7 Re2+ 44.Kd7 Rxh2
45.f7 Rf2 46.Ke7 h2 47.Rh6 Re2+ 48.Kd7 Rf2 49.Ke7 Re2+ 50.Kd7  1/2-1/2

[Event "Russia Cup"]
[Site "St Petersburg RUS"]
[Date "2009.11.03"]
[Round "1.1"]
[White "Epishin,V"]
[Black "Zvjaginsev,V"]
[Result "1/2-1/2"]
[WhiteElo "2613"]
[BlackElo "2641"]

1.Nf3 c5 2.c4 g6 3.e3 Nf6 4.Nc3 Bg7 5.Be2 d5 6.cxd5 Nxd5 7.O-O O-O 8.d4 Nc6
9.h3 cxd4 10.exd4 b6 11.Re1 Bb7 12.Bf1 h6 13.Bc4 Nf6 14.Bf4 e6 15.Nb5 Ne8
16.Rc1 a6 17.Nc3 Nxd4 18.Nxd4 Bxd4 19.Qd2 Bg7 20.Bxh6 Qxd2 21.Bxd2 Nd6 22.Bb3 Rac8
23.Red1 b5 24.a4 Ne4 25.Nxe4 Bxe4 26.axb5 axb5 27.Bc3 Bxc3 28.bxc3 Rc5 29.f3 Bc6
30.c4 bxc4 31.Rxc4 Rxc4 32.Bxc4 Rc8  1/2-1/2